| 000 | 00000nas##2200000za#4500 |
| 001 | 9.503434 |
| 003 | CaOODSP |
| 005 | 20210507160751 |
| 007 | cr ||||||||||| |
| 008 | 150406c1995||||xxc|| p o||||f| |0fre|d |
| 022 | |a1497-0260 |
| 040 | |aCaOODSP|bfre |
| 043 | |an-cn--- |
| 086 | 1 |aCW71-3F-PDF |
| 110 | 2 |aService canadien de la faune. |
| 245 | 10|aChants de l'Ontario |h[ressource électronique] |
| 260 | |aBurlington - Ontario : |bEnvironnement Canada. |
| 310 | |aAnnuel |
| 362 | 1 |aVol. 1, nº 1 [(févr. 1995)] -- |
| 500 | |aLa livr. de févr. 2000 comporte le titre : Ontario chorus. |
| 691 | 07|aFaune|2gcpds |
| 691 | 07|aFaune aquatique|2gcpds |
| 775 | 08|tThe Ontario chorus |w(CaOODSP)9.507042 |
| 776 | 0#|tChants de l'Ontario |w(CaOODSP)9.512642 |